Catalogue de la Bibliothèque de l'ENSA

Soft scale insects (notice nᵒ 26951)

détails MARC
000 -LEADER
fixed length control field 00537nam a2200169Ia 4500
008 - FIXED-LENGTH DATA ELEMENTS--GENERAL INFORMATION
fixed length control field 160105s9999 xx 000 0 und d
041 ## - LANGUAGE CODE
Language code of text/sound track or separate title eng
245 ## - TITLE STATEMENT
Title Soft scale insects
260 ## - PUBLICATION, DISTRIBUTION, ETC.
Name of publisher, distributor, etc Elsevier
260 ## - PUBLICATION, DISTRIBUTION, ETC.
Date of publication, distribution, etc 1997
300 ## - PHYSICAL DESCRIPTION
Other physical details ill.
490 ## - SERIES STATEMENT
Series statement World Crop Pests
654 ## - SUBJECT ADDED ENTRY--FACETED TOPICAL TERM
General subdivision INSECTA/BIOLOGIE/ENNEMI NATUREL/CONTROLE DE MALADIES/FEMELLE/ADULTE/MALE/TAXONOMIE/STADE DE DEVELOPPEMENT ANIMAL/EVOLUTION/GENETIQUE/REPRODUCTION/PHYSIOLOGIE ANIMALE
942 ## - ADDED ENTRY ELEMENTS (KOHA)
Koha item type Ouvrage
994 ## -
-- 127782
Exemplaires
Withdrawn status Lost status Damaged status Use restrictions Not for loan Home library Current library Cost, normal purchase price Shelving control number Total Checkouts Total Renewals Total Holds Full call number Barcode Cost, replacement price Koha item type
          Bibliothèque Centrale Bibliothèque Centrale 0.00         BC_1425 08/7B BC_1425 08/7B 0.00 Ouvrage

Adresse: Ecole Nationale Supérieure Agronomique Hassen Badi - El Harrach Alger, Algérie

Tél +213 (0) 23 82 85 07+213 (0) 23 82 85 12 Fax +213 23 82 85 03/04 Courriel: bibliotheque@edu.ensa.dz